000 00630nam a2200229Ia 4500
003 OSt
005 20220928135522.0
006 a|||||r|||| 00| 0
007 ta
008 220927b |||||||| |||| 00| 0 eng d
024 _a2726
037 _cTextual
040 _aSDCL
_cSDCL
_beng
041 _2eng
_aeng
082 _aX:513, N9
100 _aLepla Fjoseph
_9491162
245 0 _aIntegrated branding
_b Becoming brand-driven through company wide action
260 _c1999
700 _a Parker Lynn M
_9491163
942 _hX:513, N9
_cTEXL
_2CC
999 _c806535
_d806535